Statistics for Identify the Bond film from the Villains

Click here to take the quiz!

General Stats

  • This quiz has been taken 19 times
    (12 since last reset)
  • The average score is 14 of 15

Answer Stats

HintFilm% Correct
Max ZorinA View To A Kill
100%
Le ChiffreCasino Royale
100%
Gustav GravesDie Another Day
100%
Aristotle KristatosFor Your Eyes Only
100%
Hugo DraxMoonraker
100%
Kamal KhanOctopussy
100%
Dominic GreeneQuantum of Solace
100%
Raoul SilvaSkyfall
100%
Francisco ScaramangaThe Man With The Golden Gun
100%
Karl StrombergThe Spy Who Loved Me
100%
Franz SanchezLicence To Kill
90%
Mr BigLive And Let Die
90%
Lyutsifer SafinNo Time To Die
90%
Elliot CarverTomorrow Never Dies
90%
Victor ‘Renard’ ZokasThe World Is Not Enough
80%

Score Distribution

Percentile by Number Answered

Percent of People with Each Score

Your Score History

You have not taken this quiz since the last reset